Catálogo

El príncipe / (Registro nro. 66469)

Detalles MARC
000 -LEADER
fixed length control field 00879nam a2200241 u 4500
001 - CONTROL NUMBER
control field 66469
005 - DATE AND TIME OF LATEST TRANSACTION
control field 20180714074233.0
008 - FIXED-LENGTH DATA ELEMENTS--GENERAL INFORMATION
fixed length control field 150122s2015 mx a r 000 0 spa d
020 ## - INTERNATIONAL STANDARD BOOK NUMBER
International Standard Book Number 9789700771016
041 0# - LANGUAGE CODE
Language code of text/sound track or separate title spa
082 0# - DEWEY DECIMAL CLASSIFICATION NUMBER
Classification number 320.5
Item number MAC
505 0# - FORMATTED CONTENTS NOTE
Formatted contents note 5° centenario por aparición de la obra El príncipe, Lorenzo Córdova Vianello ; 5° centenario del nacimiento de Nicolás Maquiavelo, Antonio Gómez Robledo.
100 1# - MAIN ENTRY--PERSONAL NAME
Personal name Machiavelli, Niccoló,
Dates associated with a name 1469-1527
Relator term autor
245 13 - TITLE STATEMENT
Title El príncipe /
Statement of responsibility, etc. Nicolás Maquiavelo.
250 ## - EDITION STATEMENT
Edition statement Primera edición.
264 #1 - PRODUCTION, PUBLICATION, DISTRIBUTION, MANUFACTURE, AND COPYRIGHT NOTICE
Place of production, publication, distribution, manufacture México :
Name of producer, publisher, distributor, manufacturer Editorial Porrúa,
Date of production, publication, distribution, manufacture, or copyright notice 2015
300 ## - PHYSICAL DESCRIPTION
Extent liv, 74 páginas :
Other physical details ilustraciones ;
Dimensions 22 cm.
336 ## - CONTENT TYPE
Content type term texto
Source rdacontent
337 ## - MEDIA TYPE
Media type term sin mediación
Source rdamedia
338 ## - CARRIER TYPE
Carrier type term volumen
Source rdacarrier
490 0# - SERIES STATEMENT
Series statement Colección Sepan Cuantos
Volume/sequential designation 152
650 #4 - SUBJECT ADDED ENTRY--TOPICAL TERM
Topical term or geographic name entry element Ciencias políticas
Existencias
Withdrawn status Lost status Source of classification or shelving scheme Damaged status Not for loan Collection code Home library Current library Shelving location Date acquired Source of acquisition Total Checkouts Full call number Barcode Price effective from Koha item type
    Dewey Decimal Classification     General Santiago Santiago Sala general 28/10/2016 Compra   320.5 MAC 2015 830024 28/10/2016 Libro
    Dewey Decimal Classification     General Santiago Santiago Sala general 28/10/2016 Compra   320.5 MAC 2015 830026 28/10/2016 Libro
    Dewey Decimal Classification     General Santiago Santiago Sala general 27/10/2016 Compra   320.5 MAC 2015 830023 28/10/2016 Libro
    Dewey Decimal Classification     General Santiago Santiago Sala general 28/10/2016 Compra   320.5 MAC 2015 830025 28/10/2016 Libro